| 000 | 00433nam a22001697a 4500 | ||
|---|---|---|---|
| 003 | MPLRDC | ||
| 005 | 20220104143129.0 | ||
| 008 | 210129b ||||| |||| 00| 0 eng d | ||
| 082 | _a982.533 CZY v.1 | ||
| 100 | _a陈卓莹编著 | ||
| 245 |
_a粤曲写唱常识. 上册 _c |
||
| 250 | _a一版一刷 | ||
| 260 |
_a _b花城出版社 _c1984 |
||
| 300 | _b平 | ||
| 650 | _a中国戏剧--地方戏剧 | ||
| 942 |
_cBK _o982.533 CZY v.1 |
||
| 999 |
_c36917 _d36907 |
||